Chem40A Functional Groups - Statistics

General Stats
  • This quiz has been taken 85 times
    80 since last reset
  • The average score is 12 of 19
Answer Stats
Picture Answer % Correct
Alcohol
84%
Carboxylic Acid
84%
Disulfide
80%
Alkene
76%
Sulfide
72%
Thiol
72%
Alkyne
68%
Amine
68%
Ether
68%
Nitrile
68%
Alkane
64%
Arene
64%
Ketone
60%
Acyl Halide
56%
Aldehyde
56%
Ester
56%
Amide
52%
Imine
52%
Acid Anhydride
44%
No matching quizzes found
Score Distribution
Percent of People with Each Score
Percentile by Number Answered
Your Score History
You have not taken this quiz since the last reset